000 00785cam a22002652a 4500
001 20572
003 BD-RjUL
005 20211209000601.0
008 140301s1953 enk 001 0 eng
020 _a083831015X
035 _a(BD-RjUL)20634
040 _aHEI
_cHEI
_dUKM
_dEQO
_beng
041 _aeng
082 _a821.8
_bNED
100 1 _aNewlin, Margaret,
_d1925-
_963469
245 1 0 _aDivided image :
_ba study of William Blake and W.B. Yeats
260 _aLondon :
_bRoutledge & K. Paul,
_c1953.
300 _axv, 239 p. ;
_c23 cm
504 _aIncludes Bibliography: p. 233-23 and index.
600 1 0 _aBlake, William,
_d1757-1827.
_963474
600 1 0 _aYeats, W. B.
_q(William Butler),
_d1865-1939.
_963475
942 _2ddc
_cBK
999 _c20572
_d20572